<?xml version="1.0" encoding="UTF-8"?>
<record
    xmlns:xsi="http://www.w3.org/2001/XMLSchema-instance"
    xsi:schemaLocation="http://www.loc.gov/MARC21/slim http://www.loc.gov/standards/marcxml/schema/MARC21slim.xsd"
    xmlns="http://www.loc.gov/MARC21/slim">

  <leader>01526nam a22002657a 4500</leader>
  <datafield tag="999" ind1=" " ind2=" ">
    <subfield code="c">94712</subfield>
    <subfield code="d">94712</subfield>
  </datafield>
  <controlfield tag="003">NALT</controlfield>
  <controlfield tag="005">20250901084941.0</controlfield>
  <controlfield tag="008">180517b        th ||||| |||| 00| 0 tha d</controlfield>
  <datafield tag="020" ind1=" " ind2=" ">
    <subfield code="a">9786169211815</subfield>
  </datafield>
  <datafield tag="040" ind1=" " ind2=" ">
    <subfield code="a">NALT</subfield>
  </datafield>
  <datafield tag="050" ind1=" " ind2=" ">
    <subfield code="a">BQ 1593.T5</subfield>
    <subfield code="b">&#xE2A;693&#xE21; 2561 &#xE25;.3</subfield>
  </datafield>
  <datafield tag="100" ind1="0" ind2=" ">
    <subfield code="a">&#xE2A;&#xE33;&#xE40;&#xE19;&#xE35;&#xE22;&#xE07; &#xE40;&#xE25;&#xE37;&#xE48;&#xE2D;&#xE21;&#xE43;&#xE2A;.</subfield>
    <subfield code="9">29041</subfield>
  </datafield>
  <datafield tag="245" ind1="1" ind2="0">
    <subfield code="a">&#xE21;&#xE2B;&#xE32;&#xE27;&#xE31;&#xE2A;&#xE15;&#xE38;&#xE2D;&#xE27;&#xE17;&#xE32;&#xE19; : &#xE04;&#xE31;&#xE21;&#xE20;&#xE23;&#xE35;&#xE4C;&#xE1E;&#xE23;&#xE30;&#xE1E;&#xE38;&#xE17;&#xE18;&#xE28;&#xE32;&#xE2A;&#xE19;&#xE32;&#xE1D;&#xE48;&#xE32;&#xE22;&#xE21;&#xE2B;&#xE32;&#xE22;&#xE32;&#xE19;. &#xE40;&#xE25;&#xE48;&#xE21; 3 /</subfield>
    <subfield code="c">&#xE2A;&#xE33;&#xE40;&#xE19;&#xE35;&#xE22;&#xE07; &#xE40;&#xE25;&#xE37;&#xE48;&#xE2D;&#xE21;&#xE43;&#xE2A; &#xE41;&#xE1B;&#xE25;&#xE08;&#xE32;&#xE01;&#xE15;&#xE49;&#xE19;&#xE09;&#xE1A;&#xE31;&#xE1A;&#xE20;&#xE32;&#xE29;&#xE32;&#xE2A;&#xE31;&#xE19;&#xE2A;&#xE01;&#xE24;&#xE15;.</subfield>
  </datafield>
  <datafield tag="246" ind1="1" ind2="4">
    <subfield code="a">&#xE21;&#xE2B;&#xE32;&#xE27;&#xE31;&#xE2A;&#xE15;&#xE38;&#xE2D;&#xE27;&#xE17;&#xE32;&#xE19; &#xE40;&#xE25;&#xE48;&#xE21; 3</subfield>
  </datafield>
  <datafield tag="250" ind1=" " ind2=" ">
    <subfield code="a">&#xE1E;&#xE34;&#xE21;&#xE1E;&#xE4C;&#xE04;&#xE23;&#xE31;&#xE49;&#xE07;&#xE41;&#xE23;&#xE01;</subfield>
  </datafield>
  <datafield tag="260" ind1=" " ind2=" ">
    <subfield code="a">&#xE01;&#xE23;&#xE38;&#xE07;&#xE40;&#xE17;&#xE1E;&#xE2F; :</subfield>
    <subfield code="b">&#xE21;&#xE39;&#xE25;&#xE19;&#xE34;&#xE18;&#xE34;&#xE2A;&#xE31;&#xE19;&#xE2A;&#xE01;&#xE24;&#xE15;&#xE28;&#xE36;&#xE01;&#xE29;&#xE32; &#xE43;&#xE19;&#xE1E;&#xE23;&#xE30;&#xE23;&#xE32;&#xE0A;&#xE39;&#xE1B;&#xE16;&#xE31;&#xE21;&#xE20;&#xE4C;&#xE2A;&#xE21;&#xE40;&#xE14;&#xE47;&#xE08;&#xE1E;&#xE23;&#xE30;&#xE40;&#xE17;&#xE1E;&#xE23;&#xE31;&#xE15;&#xE19;&#xE23;&#xE32;&#xE0A;&#xE2A;&#xE38;&#xE14;&#xE32;&#xE2F; &#xE2A;&#xE22;&#xE32;&#xE21;&#xE1A;&#xE23;&#xE21;&#xE23;&#xE32;&#xE0A;&#xE01;&#xE38;&#xE21;&#xE32;&#xE23;&#xE35;,</subfield>
    <subfield code="c">2561.</subfield>
  </datafield>
  <datafield tag="300" ind1=" " ind2=" ">
    <subfield code="a">656 &#xE2B;&#xE19;&#xE49;&#xE32; ;</subfield>
    <subfield code="c">27 &#xE0B;&#xE21;.</subfield>
  </datafield>
  <datafield tag="650" ind1=" " ind2="4">
    <subfield code="9">29356</subfield>
    <subfield code="a">&#xE1E;&#xE38;&#xE17;&#xE18;&#xE15;&#xE33;&#xE19;&#xE32;&#xE19;</subfield>
  </datafield>
  <datafield tag="650" ind1=" " ind2="4">
    <subfield code="9">29357</subfield>
    <subfield code="a">&#xE1E;&#xE38;&#xE17;&#xE18;&#xE28;&#xE32;&#xE2A;&#xE19;&#xE32;&#xE21;&#xE2B;&#xE32;&#xE22;&#xE32;&#xE19;</subfield>
    <subfield code="x">&#xE04;&#xE31;&#xE21;&#xE20;&#xE35;&#xE23;&#xE4C;&#xE28;&#xE31;&#xE01;&#xE14;&#xE34;&#xE4C;&#xE2A;&#xE34;&#xE17;&#xE18;&#xE34;&#xE4C;</subfield>
  </datafield>
  <datafield tag="650" ind1=" " ind2="4">
    <subfield code="9">20519</subfield>
    <subfield code="a">&#xE27;&#xE23;&#xE23;&#xE13;&#xE01;&#xE23;&#xE23;&#xE21;&#xE1E;&#xE38;&#xE17;&#xE18;&#xE28;&#xE32;&#xE2A;&#xE19;&#xE32;</subfield>
  </datafield>
  <datafield tag="850" ind1=" " ind2=" ">
    <subfield code="a">NALT</subfield>
  </datafield>
  <datafield tag="942" ind1=" " ind2=" ">
    <subfield code="c">GB</subfield>
    <subfield code="2">lcc</subfield>
  </datafield>
  <datafield tag="998" ind1=" " ind2=" ">
    <subfield code="a">bijaya</subfield>
    <subfield code="c">101</subfield>
    <subfield code="j">1020</subfield>
    <subfield code="k"> &#xE19;&#xE32;&#xE07;&#xE08;&#xE33;&#xE40;&#xE23;&#xE35;&#xE22;&#xE07;  &#xE23;&#xE30;&#xE27;&#xE31;&#xE07;&#xE2A;&#xE33;&#xE42;&#xE23;&#xE07;</subfield>
  </datafield>
  <datafield tag="952" ind1=" " ind2=" ">
    <subfield code="0">0</subfield>
    <subfield code="1">0</subfield>
    <subfield code="2">lcc</subfield>
    <subfield code="4">0</subfield>
    <subfield code="7">0</subfield>
    <subfield code="8">CGBL</subfield>
    <subfield code="a">NALT</subfield>
    <subfield code="b">NALT</subfield>
    <subfield code="d">2018-05-17</subfield>
    <subfield code="l">0</subfield>
    <subfield code="o">BQ 1593.T5 &#xE2A;693&#xE21; 2561 &#xE25;.3</subfield>
    <subfield code="p">3961207916</subfield>
    <subfield code="r">2018-07-17 00:00:00</subfield>
    <subfield code="w">2018-05-17</subfield>
    <subfield code="y">GB</subfield>
  </datafield>
</record>
